| 000 | 00479nam a2200181 a 4500 | ||
|---|---|---|---|
| 001 | 1202 | ||
| 003 | CO-ViMGA | ||
| 008 | 141112s2004 ck r 000 u spa d | ||
| 040 |
_aCO-ViMGA _bspa _cCO-ViMGA |
||
| 082 | 0 | 4 | _a796.15 B124c |
| 100 | 1 |
_aBacker, Werner _949318 |
|
| 245 | 1 | 0 |
_aCometas / _cWerner Backer |
| 260 |
_aBarcelona : _bCeac, _c1990 |
||
| 300 | _a128 p : il | ||
| 490 | _aEnciclopedia Ceac de las artesanias | ||
| 650 | 1 | 4 | _aCOMETAS - ELABORACION |
| 942 |
_2ddc _cBK |
||
| 999 |
_c13423 _d13423 |
||